000 01583cam a2200325 i 4500
001 29260
003 Mx-PuUPA
005 20250303104517.0
008 140415s2012 mx gr 000 0 spa d
040 _cMx-PuUPA
_aMx-PuUPA
_bspa
_dMx-PuUPA
_erda
041 0 _aspa
110 2 _aConfedereación Parlamentaria de las Américas
245 1 0 _aAcceso de las mujeres a una vida libre de violencia en los países de las américas /
_cConfederación Parlamentaria de las Américas, Centro de Estudios para el Adelanto de las Mujeres y la Equidad de Género [y otros tres] ; elaboraron, Janeth Pérez Olvera, Adriana Romero de Nova [y otros cinco].
264 1 _aMéxico, D. F. :
_bCentro de Estudios para el Adelanto de las Mujeres y la Equidad de Género,
_c2012
300 _a142 páginas ;
_c23 cm
336 _2rdacontent
_atexto
_btxt
337 _2rdamedia
_asin medio
_bn
338 _2rdacarrier
_avolumen
_bnc
650 7 _913986
_2armarc
_aDelitos contra la mujer
_vLegislación
_zMéxico
650 7 _2armarc
_aMujeres
_xCondición jurídica
_vLeyes
_zAmérica Latina
650 7 _2armarc
_aViolecia contra las mujeres
_vLegislación
_zAmérica Latina
700 1 _aPérez Olvera, Janeth,
_ecolaborador
_916729
700 1 _aRomero de Nova, Adriana,
_ecolaborador
710 2 _aCentro de Estudios para el Adelanto de las Mujeres y la Equidad de Género
_eeditor
_92652
942 _2ddc
_cLI
_h342.980878
_iA65
999 _c29260
_d29260